000
00299nam a2200121Ia 4500
008
190216s9999||||xx |||||||||||||| ||und||
100
_a
Sundaram K P M
245
0
_a
Theory Of Price Income And Growth
260
_b
Chaithanya Pub.House Allahabad
300
_a
476p
650
_a
Commerce
942
_c
BK
999
_c
9257
_d
9257